000 00331nam a22001457a 4500
008 210312b ||||| |||| 00| 0 eng d
020 _a9780757542428
041 _aeng
080 _24th
_a330.722.6
082 _24th
_a330.722.6
100 _a61
101 _aKG
245 _aFinancial Accounting
_cNeuman,R.B
942 _2udc
_cBK
999 _c56485
_d56485